000 003440000a22001570004500
060 _a100
082 _a581.012 JEF
100 _aJeffrey, C
245 _aIntroduction to plant taxonomy
250 _a2
260 _aLondon, Cambridge University Press
260 _c1982
300 _a154
650 _aPlants / taxonomy /
942 _cBK
999 _c358336
_d358336